Central Library OPAC University of Rajshahi

A contest of ladies / (Record no. 83500)

MARC details
000 -LEADER
fixed length control field 00605nam a2200217 a 4500
001 - CONTROL NUMBER
control field 83500
003 - CONTROL NUMBER IDENTIFIER
rucl marc code BD-RjUL
005 - DATE AND TIME OF LATEST TRANSACTION
control field 20240327123519.0
008 - FIXED-LENGTH DATA ELEMENTS--GENERAL INFORMATION
fixed length control field 240327s1956 enk 000 0 eng
035 ## - SYSTEM CONTROL NUMBER
System control number (BD-RjUL)83500
040 ## - CATALOGING SOURCE
Original cataloging agency DLC
Transcribing agency OKentU
Modifying agency OCoLC
-- PP
-- DLC
-- BD-RjUL
Language of cataloging eng
041 ## - LANGUAGE CODE
Language code of text/sound track or separate title eng
082 ## - DEWEY DECIMAL CLASSIFICATION NUMBER
Edition number 23
Classification number 823
Author mark and year SAC 1956
100 1# - MAIN ENTRY--PERSONAL NAME
Personal name Sansom, William,
Dates associated with a name 1912-1976.
9 (RLIN) 12576
245 12 - TITLE STATEMENT
Title A contest of ladies /
Statement of responsibility, etc. William Sansom
260 ## - PUBLICATION, DISTRIBUTION, ETC. (IMPRINT)
Place of publication, distribution, etc. London :
Name of publisher, distributor, etc. Hograth press,
Date of publication, distribution, etc. 1956.
300 ## - PHYSICAL DESCRIPTION
Pagination 255 p.;
Size 19 cm.
500 ## - GENERAL NOTE
General note Short stories.
650 ## - SUBJECT ADDED ENTRY--TOPICAL TERM
Topical term or geographic name as entry element English Short stories.
9 (RLIN) 5547
942 ## - ADDED ENTRY ELEMENTS (KOHA)
Source of classification or shelving scheme Dewey Decimal Classification
Koha item type Books
Holdings
Lost status Source of classification or shelving scheme Damaged status Not for loan Collection code Permanent Location Current Location Shelving location Date acquired Source of acquisition Cost, normal purchase price Total Checkouts Full call number Date last seen Copy number Koha item type
  Dewey Decimal Classification   Not For Loan Fiction Central Library, University of Rajshahi Central Library, University of Rajshahi Reading Room 02/11/1956 A.B.C 10.15   823 SAC 1956 27/03/2024 C-1 Books